01286 a2200277 45000050016000000080041000160100017000570200033000740200033001070350016001400370015001560400018001710820010001891000015001992450056002142500018002702600041002882700040003293000045003695000225004146500019006399420029006589990017006879520152007049520152008562008092508118.0080925t xxu||||| |||| 00| 0 eng d aENG-91730-31 a9788180546211 (pt.1)c190.00 a9788180546228 (pt.2)c155.00 aEN-75263-64 bDBAD / PUB adplbEnglish  a338.5 aDeepashree aMicroeconomic theory & applications/cby Deepashree a10th rev. ed. aNew DelhibSultan Chand & Sonsc2008 a23, Darya Ganj,bNew Delhie110 002 a2 pts., ( various pagings)c22cm (pbk ) aPt.I- according to the new syllabus prescribed by the Department of Commerce, University of Delhi for the B. Com. (Hons.) 1st year effective from July, 2004. Pt.II- for B.Com. (Hons.) IInd year effective from July, 2005. aMicroeconomics adplcEN2ddcmDEEh338.5 c18928d18928 00102ddc3v.140718NFICaDBADbDBADd2008-11-21eDBAD / PUBg190.00l0o338.5 DEEpEN-75263r2008-11-21 00:00:00t1v190.00w2008-11-21yENzv.1 00102ddc3v.240718NFICaDBADbDBADd2008-11-21eDBAD / PUBg155.00l0o338.5 DEEpEN-75264r2008-11-21 00:00:00t1v155.00w2008-11-21yENzv.2